| 000 | 00896cab a2200193 4500 | ||
|---|---|---|---|
| 001 | ABS38197 | ||
| 008 | 090401t1987 xxu||||| |||| 00| 0 eng d | ||
| 035 | _a(Sirsi) u9140 | ||
| 041 | _aeng | ||
| 100 | _aThompson, R. | ||
| 245 | _aIs fastest best? - the case of development control | ||
| 260 | _c1987 | ||
| 350 | _a0 | ||
| 490 |
_aPlanner _v73(9) September 1987, 11-15(5) |
||
| 520 | _aLooks at the speed with which different authorities deal with planning applications and puts forward the theory that the reasons for variation in performance are due to the attitudes towards the purposes of planning generally, and in particular the control function. Considers the role of planning as a vehicle to enable development, planning for the public interest, procedural improvements and improvements in the service. | ||
| 690 | _aPLANNING LAW AND PRACTICE | ||
| 942 | _n0 | ||
| 948 | _c04/03/1997 | ||
| 999 |
_c5669 _d5669 |
||